00506nam a2200121Ia 4500008004100000082001700041100003900058245007800097260004500175300000800220630007800228730007800306100122s9999 xx 000 0 und d b36987a745.5 aकाळे प्रतिभा aअशा कलाकृती असे छंद ( क.क्र.8/2 ) bरोहन प्रकाशनc1984 a118 aअशा कलाकृती असे छंद ( क.क्र.8/2 ) aअशा कलाकृती असे छंद ( क.क्र.8/2 )